| 000 | 00865cam a2200253 a 4500 | ||
|---|---|---|---|
| 001 | 14808955 | ||
| 005 | 20171218051103.0 | ||
| 008 | 070416s2007 nyua 001 0deng | ||
| 010 | _a 2007016024 | ||
| 020 | _a1592403204 | ||
| 020 | _a9781592403202 | ||
| 035 | _a(OCoLC)ocn144228853 | ||
| 040 |
_aDLC _cDLC _dIG# _dBTCTA _dYDXCP _dBAKER _dJED _dIK2 _dVP@ _dJID _dSMP _dDLC |
||
| 041 | _aeng | ||
| 043 | _ae-fr--- | ||
| 080 | _a641.2 RUD | ||
| 082 | 0 | 0 |
_a641.2 RUD _222 |
| 100 | 1 | _a4 | |
| 101 | _aSHM | ||
| 245 | 1 | 0 |
_aI'll drink to that : _cRudolph Chelminski. |
| 906 |
_a7 _bcbc _corignew _d1 _eecip _f20 _gy-gencatlg |
||
| 942 |
_2ddc _cBK |
||
| 999 |
_c39056 _d39056 |
||